00529nam a2200169Ia 4500008004100000020001500041041001200056082001600068100001400084245002800098260002500126300000800151650000700159942000700166999001500173952017100188221030s9999 xx 000 0 und d a812390116x aEnglish a105.23bHus aA. Husain 0aElectrical Power system bCBS PubaDelhic1997 a538 aEE cBK c1348d1348 pBE 216g170.00l0o105.23 Husr2024-06-13 00:00:00w2022-10-30yBK003Print4070aMIETLIBbMIETLIBcBL-Academic Block B, FL-1, CUP-131, SH-6, R-6d1998-12-2410HBE